Statistics for Sports Illustrated NBA All-Decade Teams

Click here to take the quiz!

General Stats

  • This quiz has been taken 149 times
  • The average score is 13 of 15

Answer Stats

Answer % Correct
Stephen Curry
100%
Lebron James
100%
Kevin Durant
97%
James Harden
96%
Kawhi Leonard
93%
Dwyane Wade
90%
Russell Westbrook
89%
Kobe Bryant
89%
Tim Duncan
84%
Draymond Green
81%
Dirk Nowitzki
79%
Chris Paul
77%
Giannis Antetokounmpo
75%
Anthony Davis
69%
Blake Griffin
63%

Score Distribution

Percentile by Number Answered

Percent of People with Each Score

Your Score History

You have not taken this quiz